| 000 | 00724nam a2200277Ia 4500 | ||
|---|---|---|---|
| 008 | 160803s9999 xx 000 0 und d | ||
| 020 | _a9780545242103 | ||
| 100 | _aGarland, Michael | ||
| 245 | _aOh, what a christmas! / | ||
| 245 | _c by Michael Garland. | ||
| 260 | _aNew York : | ||
| 260 | _bScholastic Inc. | ||
| 260 | _c2011 | ||
| 300 | _a1 volume (unpaged) : | ||
| 300 | _bcolor illustrations ; | ||
| 300 | _c27 x 28 cm | ||
| 650 | _aChristmas stories. | ||
| 650 | _aDomestic animals -- | ||
| 650 | _aDomestic animals -- | ||
| 650 | _aHumorous stories. | ||
| 650 | _aSanta Claus -- | ||
| 650 | _xFiction. | ||
| 650 | _xJuvenile fiction. | ||
| 650 | _xJuvenile fiction. | ||
| 700 | _a620 | ||
| 999 |
_c298133 _d298133 |
||